|
|
|
|
| LEADER |
02229nam a2200589 i 4500 |
| 001 |
nkc20193135907 |
| 003 |
CZ PrNK |
| 005 |
20191127101046.0 |
| 007 |
ta |
| 008 |
190930s2019 xr e f 000 0 cze |
| 015 |
|
|
|a cnb003135907
|
| 020 |
|
|
|a 978-80-7252-815-8
|q (brožováno)
|
| 035 |
|
|
|a (OCoLC)1130261416
|
| 040 |
|
|
|a OLA001
|b cze
|e rda
|
| 041 |
1 |
|
|a cze
|h eng
|
| 072 |
|
7 |
|a 504
|x Znečištění a poškození životního prostředí
|2 Konspekt
|9 2
|
| 080 |
|
|
|a 502.1
|2 MRF
|
| 080 |
|
|
|a 504
|2 MRF
|
| 080 |
|
|
|a 63
|2 MRF
|
| 080 |
|
|
|a 502/504
|2 MRF
|
| 080 |
|
|
|a 504.7:551.583
|2 MRF
|
| 080 |
|
|
|a 504:592/599
|2 MRF
|
| 080 |
|
|
|a (0.062)
|2 MRF
|
| 100 |
1 |
|
|a Lymbery, Philip,
|d 1965-
|7 xx0212514
|4 aut
|
| 240 |
1 |
0 |
|a Dead zone.
|l Česky
|
| 245 |
1 |
0 |
|a Mrtvá zóna :
|b tam, kde žily divočiny /
|c Philip Lymbery ; z anglického originálu Dead zone: where the wild things were ... přeložila Kateřina Drewsová
|
| 250 |
|
|
|a Vydání první
|
| 264 |
|
1 |
|a Praha :
|b Práh,
|c 2019
|
| 300 |
|
|
|a 328 stran ;
|c 23 cm
|
| 336 |
|
|
|a text
|b txt
|2 rdacontent
|
| 337 |
|
|
|a bez média
|b n
|2 rdamedia
|
| 338 |
|
|
|a svazek
|b nc
|2 rdacarrier
|
| 504 |
|
|
|a Obsahuje bibliografické odkazy
|
| 650 |
0 |
7 |
|a člověk a životní prostředí
|7 ph135365
|2 czenas
|
| 650 |
0 |
7 |
|a ohrožení životního prostředí
|7 ph123711
|2 czenas
|
| 650 |
0 |
7 |
|a zemědělství
|7 ph116770
|x environmentální aspekty
|2 czenas
|
| 650 |
0 |
7 |
|a klimatické změny
|7 ph134843
|2 czenas
|
| 650 |
0 |
7 |
|a ohrožené druhy živočichů
|7 ph115572
|2 czenas
|
| 650 |
0 |
9 |
|a man and environment
|2 eczenas
|
| 650 |
0 |
9 |
|a threats to environment
|2 eczenas
|
| 650 |
0 |
9 |
|a agriculture
|x environmental aspects
|2 eczenas
|
| 650 |
0 |
9 |
|a climate changes
|2 eczenas
|
| 650 |
0 |
9 |
|a endangered animals
|2 eczenas
|
| 655 |
|
7 |
|a populárně-naučné publikace
|7 fd131864
|2 czenas
|
| 655 |
|
9 |
|a popular works
|2 eczenas
|
| 700 |
1 |
|
|a Drewsová, Kateřina,
|d 1965-
|7 xx0034999
|4 trl
|
| 910 |
2 |
|
|a BOA001
|b 2-1435.599
|
| 990 |
|
|
|a BK
|
| 995 |
|
|
|a 01
|
| 991 |
|
|
|b 201910
|c NOV
|
| 996 |
6 |
|
|b 2610797227
|c 2-1435.599
|l MZK
|r Sklad / do 1 hodiny
|n 0
|p p.v.
|w 001757922
|u 000010
|a 1
|e BOA001
|j MZK50
|s P
|
| 996 |
7 |
|
|b 2610799580
|c 2-1435.599
|l Vol.výběr
|r VV 0p
|n 3
|p kup
|h 504 LYM
|w 001757922
|u 000020
|a 0
|e BOA001
|j MZK50
|s A
|